000 00693nam a2200229Ia 4500
005 20250508165505.0
008 008 250505s9999 xx 000 0 eng d
020 _a978-0-415-54874-8
037 _aTextual
040 _aFEDL
_beng
_cFEDL
041 _aeng
_2eng
084 _a371.207, CRE
_qFEDL
100 _aCreemers Bert P M
_9781001
245 0 _aImproving quality in education: Dynamic approaches to school improvement
260 _aLondon, UK
_bRoutledge
_c2011
300 _axiv, 301p.
365 _aINR
_b695
546 _aFirst Indian Published 2012
700 _a Kyriakides Leonidas
_9781002
942 _cTEXL
_h371.207, CRE
999 _c1395405
_d1395405